| 000 | 00621nam a22001817a 4500 | ||
|---|---|---|---|
| 005 | 20230525025408.0 | ||
| 008 | 221213b |||||||| |||| 00| 0 eng d | ||
| 020 | _a978-971-9654-89-6 | ||
| 082 | _aFil. 371.19 Ar712 2017 | ||
| 100 |
_aAriola, Mariano M. _eauthor |
||
| 245 |
_aCommunity engagement, solidarity and citizenship / _cMariano M. Ariola |
||
| 260 |
_aManila: _bUnlimited Books Library Services and Publishing, _cc2017. |
||
| 300 |
_ax, 347p.; _bill. |
||
| 504 | _aIncludes references | ||
| 541 | _e5938 c.1, 5939 c.2, 6887 c.3, 6888 c.4 | ||
| 650 | _aCommunity and schools | ||
| 650 | _aCommunity development | ||
| 999 |
_c376 _d376 |
||